000 00793cab a2200277 4500
001 ABS54752
008 090401t1996 xxu||||| |||| 00| 0 eng d
035 _a(Sirsi) u12138
041 _aeng
100 _aClark, S.
245 _aSelling to the highest bidder
260 _c1996
350 _a0
490 _aProperty Review
_v6(2) March 1996, 46-48(3)
520 _aSets out the legal framework which local authorities must follow when disposing of property assets including maximisation of price.
650 _aDISPOSAL
650 _aDOE CIRCULAR 06/1993
650 _aLOCAL AUTHORITIES
650 _aLOCAL GOVERNMENT ACT 1972 S123
650 _aPROPERTY ASSETS
690 _aLAND
700 _aHawkins, D.
700 _aParlett, N.
942 _n0
948 _c04/03/1997
999 _c7766
_d7766